| 000 | 00837nam a2200241 i 4500 | ||
|---|---|---|---|
| 001 | 175976 | ||
| 003 | ES-MaACL | ||
| 005 | 20250807063223.0 | ||
| 008 | 101202s2008 dr |||| |dspa d | ||
| 080 | _a325.4(729.3)"1861/65" | ||
| 080 | _a972.93"18" | ||
| 100 | 1 |
_aAcosta Piña, Carlos Aníbal, _d1924- _9144172 |
|
| 245 | 1 | 3 |
_aLa guerra restauradora _b: causas y consecuencias / _cCarlos Aníbal Acosta Piña. |
| 250 | _a1ª ed. | ||
| 260 |
_aZona Colonial, Santo Domingo : _bAteneo Dominicano, _c2008. |
||
| 300 |
_a79 p. ; _c21 cm. |
||
| 504 | _aBibliografía: p. 73-74. | ||
| 600 | 1 | 4 |
_aDuarte, Juan Pablo. _9144174 |
| 651 | 4 |
_aRepública Dominicana- _xHistoria- _y1861-1865, Reincorporación a España. _9144173 |
|
| 710 | 2 |
_aAteneo Dominicano. _92036 |
|
| 852 |
_aES-MaACL _j2304-F-3 |
||
| 999 |
_c175976 _d175976 |
||